000 00317nam a2200121Ia 4500
005 20260328104255.0
008 260328s9999||||xx |||||||||||||| ||und||
100 _aKurokawa, Kisho
245 0 _aKurokawa InterCultural Architecture /
_cKisho Kurokawa
260 _bThe AIA Press
650 _aARQUITECTURA
942 _cBK
999 _c10407
_d10407